00310nam a22000977a 4500020000700000082001700007100000700024245011900031260002800150300003400178 aNA 222a294.3823 aNA aSuttanta Pitaka Digh Nikaya, Collection of numerically graduated discourses :ba translation of pathika vaggn pali bU Tun Mya Aung,cc2005. axxvi, 387p. ;bill. ;c24 cm.